| 000 | 01259cam a2200325 i 4500 | ||
|---|---|---|---|
| 999 |
_c65008 _d65008 |
||
| 001 | 65008 | ||
| 003 | Mx-PuUPA | ||
| 005 | 20210403215357.0 | ||
| 008 | 050523s2002 mx abf r 000 0 spa d | ||
| 020 | _a9686255680 | ||
| 040 |
_aMx-PuUPA _bspa _cMx-PuUPA _dMx-PuUPA _erda |
||
| 041 | 0 | _aspa | |
| 100 | 1 |
_aCardaillac, Louis, _910272 _eautor |
|
| 245 | 1 | 0 |
_aSantiago Apóstol : _bel Santo de los dos mundos / _cLouis Cardaillac ; prólogo de José María Muriá |
| 250 | _aPrimera edición | ||
| 264 | 4 |
_aZapopan, Jalisco, México : _bEl Colegio de Jalisco, _c2002 |
|
| 300 |
_a371 páginas, xxxii páginas de láminas, 4 hojas de mapas plegadas sin numerar : _bilustraciones, mapas, láminas ; _c23 cm |
||
| 336 |
_2rdacontent _atexto _btxt |
||
| 337 |
_2rdamedia _asin medio _bn |
||
| 338 |
_2rdacarrier _avolumen _bnc |
||
| 600 | 1 | 4 |
_aSantiago, _cApostol |
| 600 | 1 | 4 |
_aSantiago _cEl Mayor Santo _xCulto _zEspaña _xHistoria |
| 651 | 4 |
_aEspaña _xVida religiosa y costumbres |
|
| 651 | 4 |
_aAmérica Latina _xVida religiosa y costumbres |
|
| 700 | 1 |
_aMuriá, José María, _eprologuista |
|
| 942 |
_2ddc _cLI _h235.2 _iC257 |
||